000 00595naa a2200181 4500
001 179551
003 ES-MaBCM
005 20241016192440.0
008 100922s2010 fra|r0p 0 ||fre d
021 _axx
035 _a(OCoLC)1365175172
040 _cES-MaBCM
100 1 _aDecaux, Emmanuel
_911948
245 0 0 _aL'entrée en vigueur du protocole nº14 de la Convention EDH
_b: too late and too little
_cEmmanuel Decaux
650 2 7 _aConvención Europea de Derechos Humanos
_958120
773 0 _aEn:
_tLa semaine juridique
_dParís
_w104649
_gNº 23 (juin 2010), p.1164-1166
942 _cAREV
999 _c179551
_d179551